000
00254nam a2200097Ia 4500
008
240331s9999 xx 000 0 und d
082
_b
DES
100
_a
De Silva, K.M
245
0
_a
Regional powers and small state security :
_b
India and Sri Lanka
942
_c
L
999
_c
2584
_d
2584